000 00766nam a2200181Ia 4500
008 100921s9999 xx 000 0 und d
082 _b7390
_a050 थ 54
100 _aजावडेकर शंकर दत्तात्रय व इतर संपा.
245 _aनवभारत जुलै ते डिसें 1954.
260 _bसुलभ राष्ट्रीय ग्रंथमाला,पुणे.
_c1954
300 _a300
_b---
365 _b1
520 _aसंकिर्ण कालिके.
630 _aनवभारत जुलै ते डिसें 1954.
650 _aसंकिर्ण कालिके.
730 _aनवभारत जुलै ते डिसें 1954.
942 _cBOOK
999 _c756503
_d756500